00740nam a2200229Ia 4500003000400000005001700004008004100021020002200062040000700084041000800091082002100099100002800120245004800148260003900196300001700235365001600252650002600268906005100294942001200345999001900357952013400376OSt20230410165802.0210423s2015 xx 000 0 und d a978-981-4390-39-2 cAL aeng a333.7 223bCHOE aCHOW (Gregory C)985766 aEconomic analysis of environmental problems aNew JerseybWorld Scientificc2015 axiii,193bHB b3710.4cUSD aLand Economics985767 aanalysis ; Economic ; environmental ; problems 2ddccBK c169626d169626 001040708ECOaSACPGbSACPGd2018-12-03eVidyarthi Booksg3710.40l0o333.7 CHOEpPG016128r2022-08-24 00:00:00w2021-04-26yBK